Juventus Scorers in Serie A 2019-20 - Statistics

General Stats
  • This quiz has been taken 142 times
  • The average score is 10 of 15
Answer Stats
Player Goals % Correct
Cristiano Ronaldo 31
100%
Paulo Dybala 11
98%
Leonardo Bonucci 3
90%
Giorgio Chiellini 1
88%
Gonzalo Higuaín 8
82%
Alex Sandro 1
79%
Juan Cuadrado 2
73%
Adrien Rabiot 1
68%
Miralem Pjanić 3
62%
Danilo 2
61%
Federico Bernardeschi 1
60%
Douglas Costa 1
57%
Matthijs de Ligt 4
55%
Aaron Ramsey 3
49%
Merih Demiral 1
23%
No matching quizzes found
Score Distribution
Percent of People with Each Score
Percentile by Number Answered
Your Score History
You have not taken this quiz